| 000 | 01128nam a2200373 a 4500 | ||
|---|---|---|---|
| 001 | vtls000037172 | ||
| 003 | NLI | ||
| 005 | 20210601184153.0 | ||
| 008 | 101125s1981 ilu 001 eng | ||
| 020 |
_a0226439599 _c$ 25.00 |
||
| 039 | 9 |
_y201011250325 _zVLOAD |
|
| 040 | 0 |
_aNLI _beng _cVERGIS-2003 |
|
| 041 | 0 | _aeng | |
| 044 | _ailu | ||
| 082 | 0 | 4 | _a810.9 |
| 100 | 1 |
_aKlein, Marcus _9107606 |
|
| 245 | 1 | 0 |
_aForeigners: _bthe making of American literature, 1900-1940/ _cMarcus Klein |
| 260 |
_aChicago: _bThe University of Chicago Press, _c1981 |
||
| 300 |
_axi, 332 p.; _c23 cm. |
||
| 500 | _aIncludes index | ||
| 650 | 0 |
_aAmerican literature _y20th century _xHistory and criticism _9106802 |
|
| 650 | 0 |
_aModernism (Literature) _996841 |
|
| 651 | 0 |
_aUnited states in literature _9106181 |
|
| 887 | _aKannaki | ||
| 901 |
_a483711 _b03/05/1985 |
||
| 902 | _aE 810.9 K 673 | ||
| 903 | _a06/05/2004 | ||
| 904 | _aKannaki | ||
| 906 | _a038527 | ||
| 949 |
_AVIRTUAITEM _D10000 _F1 _X100 _6PUR000483711ENG _aE 810.9 K673 |
||
| 942 |
_2ddc _cBKS |
||
| 999 |
_aVIRTUA _c40366 _d40366 |
||
| 999 | _aVTLSSORT0200*9010*9020*9490*9992 | ||